000
00271nam a2200133Ia 4500
100
_a
William H. Crose
942
_c
BK
654
_a
mechanics
245
_a
Automotive Mechanics
260
_b
McGraw Hill
_c
2001
082
_a
629.3
300
_a
550
546
_a
ENGLISH
999
_c
20704
_d
20704